Statistics for Mediterranean Countries (Flags)

Click here to take the quiz!

General Stats

  • This quiz has been taken 57 times
  • The average score is 20 of 22

Answer Stats

Answer% Correct
Cyprus
97%
Egypt
97%
France
97%
Israel
97%
Italy
97%
Morocco
97%
Spain
97%
Greece
94%
Turkey
94%
Algeria
91%
Lebanon
91%
Monaco
91%
Slovenia
91%
Tunisia
91%
Albania
88%
Croatia
88%
Libya
88%
Malta
88%
Montenegro
88%
Syria
88%
Bosnia and Herzegovina
85%
United Kingdom (Gibraltar)
82%

Score Distribution

Percentile by Number Answered

Percent of People with Each Score

Your Score History

You have not taken this quiz